Normal view
MARC view
- awar Rasheed
Entry Personal Name
001 - CONTROL NUMBER
- control field: 73183
003 - CONTROL NUMBER IDENTIFIER
- control field: NUST
005 - DATE AND TIME OF LATEST TRANSACTION
- control field: 20210628204959.0
008 - FIXED-LENGTH DATA ELEMENTS
- fixed length control field: 210628|| aca||aabn | a|a d
040 ## - CATALOGING SOURCE
- Original cataloging agency: NUST
- Transcribing agency: NUST
100 ## - HEADING--PERSONAL NAME
- Personal name: awar Rasheed
670 ## - SOURCE DATA FOUND
- Source citation: Work cat.: (NUST): awar Rasheed, TH-SOF-1776-A Novel Model Driven Integrated Security Framework Enabling Fixed Shape Object Recognition, 2020
